Statistics for Team Canada Women's Olympic Ice Hockey Roster - 2010

Click here to take the quiz!

General Stats

  • This quiz has been taken 6 times
  • The average score is 10 of 21

Answer Stats

PositionNumberPlayer% Correct
Forward22Hayley Wickenheiser
100%
Goaltender33Kim St. Pierre
83%
Forward29Marie-Philip Poulin
83%
Forward13Caroline Ouellette
67%
Forward16Jayna Hefford
67%
Goaltender32Charline Labonté
50%
Forward17Jennifer Botterill
50%
Defense12Meaghan Mikkelson
50%
Forward2Meghan Agosta
50%
Defense25Tessa Bonhomme
50%
Defense4Becky Kellar
33%
Defense3Carla MacLeod
33%
Defense18Catherine Ward
33%
Forward7Cherie Piper
33%
Defense5Colleen Sostorics
33%
Forward10Gillian Apps
33%
Forward27Gina Kingsbury
33%
Forward21Haley Irwin
33%
Forward6Rebecca Johnston
33%
Forward26Sarah Vaillancourt
33%
Goaltender1Shannon Szabados
33%

Score Distribution

Percentile by Number Answered

Percent of People with Each Score

Your Score History

You have not taken this quiz